000 01438naa a22003377a 4500
001 BR7405470
003 BR-BrBNA
005 20240918173624.0
007 ta
008 230509b bl.||||| |||| 00| 0 por d
040 _aBR-BrBNA
_bpor
_cBiblioteca Nacional de Agricultura
041 _a(Pt)
072 _aF00
_b3575
_b1951
_b3840
_b1910
090 _aF00 BR7405470
100 1 _aGomes, D.T.
100 1 _aBarreto, I.L.
111 1 _a11. Reuniao da Sociedade Brasileira de Zootecnia
_cFortaleza, CE (Brazil)
_d22 Jul 1974
245 1 _aComportamento, no ano do estabelecimento, de tres cultivares de trevo subterraneo, (trifolium subterraneum L.), SOB O EFEITO DE QUATRO DOSES DE CALCARIO E DOIS SISTEMAS DE CULTIVO, QUANDO IMPLANTADAS EM PASTAGEM NATURAL SUBMETIDA A PREPARO SUPERFICIAL DO SOLO
260 3 _aFortaleza, CE (Brasil):
_bUniversidade Federal do Ceara,
_c1974.
500 _aAnais da 11. Reuniao da Sociedade Brasileira de Zootecnia Fortaleza, CE (Brasil): Universidade Federal do Ceara, 1974. p. 220 (BR7405470-AM)F00
650 _aProducao vegetal
650 _aSemente
650 _aTrevo subterraneo
650 _aCalcario
650 _aPastagem natural
650 _aSolo
650 _aPastagem consorciada
773 0 _tAnais da 11. Reuniao da Sociedade Brasileira de Zootecnia
_wF00 BR7405470
_gFortaleza, CE (Brasil), 1974. p. 220
909 _a202404
_bLucia
_c55
_dLucia Elande
942 _cAM
_2AGRIS
999 _c305806
_d305806